|
|
|
|
| LEADER |
01856nam a2200553 i 4500 |
| 001 |
nkc20182999036 |
| 003 |
CZ PrNK |
| 005 |
20180621132002.0 |
| 007 |
ta |
| 008 |
180528s2018 xr g 000 h cze |
| 015 |
|
|
|a cnb002999036
|
| 020 |
|
|
|a 978-80-259-0873-0
|q (brožováno) :
|c Kč 199,00
|
| 035 |
|
|
|a (OCoLC)1043872119
|
| 040 |
|
|
|a OLA001
|b cze
|e rda
|
| 041 |
1 |
|
|a cze
|h eng
|
| 043 |
|
|
|a e-fr---
|
| 072 |
|
7 |
|a 821.111-3
|x Anglická próza, anglicky psaná
|2 Konspekt
|9 25
|
| 080 |
|
|
|a 821.111-31
|2 MRF
|
| 080 |
|
|
|a (=1:410)
|2 MRF
|
| 080 |
|
|
|a 316.728
|2 MRF
|
| 080 |
|
|
|a (44)
|2 MRF
|
| 080 |
|
|
|a (0:82-311.5)
|2 MRF
|
| 100 |
1 |
|
|a Clarke, Stephen,
|d 1958-
|7 xx0065900
|4 aut
|
| 240 |
1 |
0 |
|a Merde actually.
|l Česky
|
| 245 |
1 |
0 |
|a Už zase skáču přes Merde! /
|c Stephen Clarke ; přeložil Richard Podaný
|
| 250 |
|
|
|a Vydání druhé
|
| 264 |
|
1 |
|a Praha :
|b Plus,
|c 2018
|
| 300 |
|
|
|a 287 stran ;
|c 20 cm
|
| 336 |
|
|
|a text
|b txt
|2 rdacontent
|
| 337 |
|
|
|a bez média
|b n
|2 rdamedia
|
| 338 |
|
|
|a svazek
|b nc
|2 rdacarrier
|
| 500 |
|
|
|a Přeloženo z angličtiny
|
| 650 |
0 |
7 |
|a Britové
|7 ph117407
|z Francie
|2 czenas
|
| 650 |
0 |
7 |
|a každodenní život
|7 ph121555
|z Francie
|2 czenas
|
| 650 |
0 |
9 |
|a British
|z France
|2 eczenas
|
| 650 |
0 |
9 |
|a everyday life
|z France
|2 eczenas
|
| 651 |
|
7 |
|a Paříž (Francie)
|7 ge130380
|2 czenas
|
| 651 |
|
9 |
|a Paris (France)
|2 eczenas
|
| 655 |
|
7 |
|a anglické romány
|7 fd131814
|2 czenas
|
| 655 |
|
7 |
|a humoristické romány
|7 fd132431
|2 czenas
|
| 655 |
|
9 |
|a English fiction
|2 eczenas
|
| 655 |
|
9 |
|a humorous novels
|2 eczenas
|
| 700 |
1 |
|
|a Podaný, Richard,
|d 1962-
|7 mzk2003183236
|4 trl
|
| 910 |
2 |
|
|a BOA001
|b 1-1407.526
|
| 928 |
9 |
|
|a Albatros Media - Plus
|
| 990 |
|
|
|a BK
|
| 995 |
|
|
|a 01
|
| 991 |
|
|
|b 201806
|c NOV
|
| 996 |
6 |
|
|b 2610745044
|c 1-1407.526
|l MZK
|r Sklad / do 1 hodiny
|n 0
|p p.v.
|w 001667212
|u 000010
|a 1
|e BOA001
|j MZK50
|s P
|